NCAA Baseball National Championship Leaders - Statistics

General Stats
  • This quiz has been taken 103 times
  • The average score is 7 of 15
Answer Stats
Wins Team % Correct
7 lsu
87%
12 usc
74%
6 texas
71%
2 vanderbilt
64%
2 oklahoma
60%
2 south carolina
52%
4 arizona
47%
3 oregon st
41%
2 michigan
40%
2 stanford
40%
4 miami
38%
5 Arizona st
36%
4 cal state fullerton
27%
3 minnesota
25%
2 california
20%
No matching quizzes found
Score Distribution
Percent of People with Each Score
Percentile by Number Answered
Your Score History
You have not taken this quiz